000 00953nam a22003131 4500
001 59376
003 CO-BoRNBP
005 20251007150510.0
007 ta
008 900725s1973 sp spa
017 _aB 52620-1973
_bOficina Depósito Legal Barcelona
020 _a8430059830
040 _aSpMaBN
_bspa
_cA2
080 _a62/69(04)
080 _a008(04)
245 0 0 _aCiencia ¿ídolo o peligro?
_h[Texto impreso] :
_bEnsayo preliminar y selección del Prf. Jorge Wukmir
250 _a1a. edición
300 _a144 p.
_bgrab.
_c19 cm
336 _2rdacontent
_atexto
_btxt
337 _2rdamedia
_asin mediación
_bn
338 _2rdacarrier
_avolumen
_bnc
490 0 _aLibros de Bolsillo El Correo de la Unesco
650 7 _aCiencia
_2embne
700 1 _aWukmir, Jorge
_965379
942 _2ddc
_cBK
956 _a1 2
980 _aSpMaBN
_bBNALCALA
_jDL/11472
_cCONSERVACI
980 _aSpMaBN
_bBNMADRID
_jVC/10137/1
_cSG_RECOLET
999 _c59376
_d59376